000 00878nam a2200229 i 4500
001 bg
245 0 0 _aInkubator przedsiębiorczości akademickiej :
_bpodręcznik dla organizatorów i pracowników /
_c[red. Krzysztof Zasiadły, Jacek Guliński] ; Stowarzyszenie Organizatorów Ośrodków Innowacji i Przedsiębiorczości w Polsce.
260 _aPoznań :
_bSOOIi PwP,
_c2005.
300 _a151 s. ;
_c21 cm.
504 _aBibliogr.
650 9 _aInkubatory przedsiębiorczości
_xszkolnictwo wyższe
_zPolska
700 1 _aZASIADŁY, Krzysztof.
_eRed.
700 1 _aGULIŃSKI, Jacek.
_eRed.
710 0 _aStowarzyszenie Organizatorów Ośrodków Innowacji i Przedsiębiorczości
020 _a9386539070
040 _cBPK
041 0 _apol
080 _a659.235:338.462:378](438)
920 _a93-86539-07-0
942 _cKS
008 s pl f |000 0 pol
999 _c51406
_d51406
856 _uhttp://koha.tu.koszalin.pl/cgi-bin/koha/opac-detail.pl?biblionumber=51406
_yKatalog online BPK